1629 1293 1280 1060 1797 1896 1959 1971 1461 1212 1439 1018 1042 1647 1640 1275 1825 1597 1097 1255 1081 1795 1049 1876 1727 1874 1731 1572 1048 1767 1430 1957 1611 1360 1211 1603 1765 1332 1162 1325 1295 1055 1090 1799 1847 1826 1608 1532 1336 1927 1507 1839 1928 1086 1378 1979 1610 1699 1661 1838 1063 1785 1446 1889 1209 1328 1345 1988 1338 1362 1485 1389 1375 1794 1585 1544 1295 1319 1646 1522 1023 1572 1017 1642 1633 1072 1345 1211 1549 1756 1637 1782 1629 1672 1309 1131 1044 1702 1262 BCNSPRNW ULIB Ver.6.0+V

เปลี่ยนเป็นภาษาไทย

Change to English
 แสดงรายละเอียดบรรณานุกรม
  กลับหน้าหลัก

Brief Record : Get Marc (ISO 2709) : E-mail record : QR code < ปิดหน้าต่าง
LEADER : 00000nam 2200000uu 4500
001    13399127960
003     ULIB
008    211117s2563||||th 000 0 tha d
020 ^  ^a9786168253243
050 ^  ^aนว.^bพ112พ
100 0  ^aพงศกร จินดาวัฒนะ.
245 1  ^aพนมนาคา /^cพงศกร.
250 ^  ^aพิมพ์ครั้งที่ 2.
260 ^  ^aกรุงเทพฯ :^bบริษัท กรู๊ฟ พับลิชชิ่ง,^c2563.
300 ^  ^a595 หน้า.
650 ^  ^aนวนิยาย.
945    ^p490^l0^i008550
999    ^aประนอม เกษจรัล
รายการนี้ยังไม่มีแท็ก
คุณยังไม่ได้ล็อกอิน คุณสามารถมีกิจกรรมร่วมกับเว็บไซต์ได้ แต่ต้องล็อกอินก่อน ::
  ล็อกอิน

รายการสื่อสารสนเทศ

ลำดับที่ ประเภท เลขเรียก/บาร์โค้ด สถานที่ สถานะ
1. นวนิยาย
นวนิยาย
นว. พ112พ ฉ.1 
  Barcode: 008550
ห้องสมุดวิทยาเขตสวรรค์ประชารักษ์
►นวนิยาย
บนชั้น
  ขอยืม

รายการใกล้เคียง
    ผู้แต่ง [พงศกร จินดาวัฒนะ.]

    หัวเรื่อง [นวนิยาย.]

BibComment


ยังไม่เคยถูกคอมเมนท์

คอมเมนท์ทรัพยากรรายการนี้
  คอมเมนท์: พนมนาคา พงศกร


 Copyright 2026. Bcnsprnw @Library